00550nam a2200169 a 450000100060000000300090000600800410001504000280005608200180008411000580010224500450016026000790020530000100028465000370029465000200033165000290035113123CO-ViMGA141112s2004 ck r 000 u spa d aCO-ViMGAbspacCO-ViMGA04a327.861 C656t aPublicaciones del Ministerio de Relaciones Exteriores10aTemas Internacionales y otras cuestiones aBogotá : bPublicaciones del Ministerio de Relaciones Exteriores, c1970 a135p.14aCOLOMBIA - RELACIONES EXTERIORES14aCOLOMBIA ENSAYO14aPolítica INTERNACIONAL